00318pam a2200121 a 4500020000500000041000500005082003100010100002600041245004400067260006100111300000800172700001600180 c h a4.0000000000000001E-2bMCH aMchale, Julie, Bailey aMastering MentorshiphTextual Documents aNew DelhibSage Publications India Private Limitedc2013 a204 aHart, Donna